| 000 | 01807cam a22004457a 4500 | ||
|---|---|---|---|
| 090 | _c0 | ||
| 001 | 14428328 | ||
| 005 | 20081015075724.0 | ||
| 008 | 060626s2006 ne a 001 0 eng | ||
| 010 | _a 2006929939 | ||
| 015 |
_aGBA687051 _2bnb |
||
| 016 | 7 |
_a013575202 _2Uk |
|
| 020 | _a0750669462 | ||
| 020 | _a9780750669467 | ||
| 020 | _a9780750669467 | ||
| 035 | _a(OCoLC)ocm73952828 | ||
| 040 |
_aUKM _cUKM _dBAKER _dDLC |
||
| 042 |
_aukblsr _alccopycat |
||
| 050 | 0 | 0 |
_aTH6810 _b.T658 2006 |
| 082 | 0 | 4 |
_a697.043 _222 _bTOL |
| 245 | 0 | 0 |
_aTolley's domestic gas installation practice / _cEdited by Frank Saxon. |
| 246 | 3 | _aDomestic gas installation practice | |
| 250 |
_a4th ed. _bRevised by Route One Training and Development Limited. |
||
| 260 |
_aAmsterdam ; _aLondon : _bElsevier Newnes, _c2006. |
||
| 300 |
_avii, 728 p. : _bill. ; _c24 cm. |
||
| 440 | 0 |
_aGas service technology ; _vv. 2 |
|
| 500 | _aPrevious ed.: 1995. | ||
| 500 | _aIncludes index. | ||
| 650 | 0 |
_aGas appliances _xInstallation. |
|
| 650 | 0 |
_aGas appliances _xMaintenance and repair. |
|
| 700 | 1 |
_aSaxon, Frank, _d1943- |
|
| 710 | 2 | _aRoute One Training and Development Limited. | |
| 856 | 4 | 1 |
_3Table of contents only _uhttp://www.loc.gov/catdir/toc/fy0707/2006929939.html |
| 856 | 4 | 2 |
_3Publisher description _uhttp://www.loc.gov/catdir/enhancements/fy0708/2006929939-d.html |
| 942 |
_2ddc _cBB |
||
| 999 |
_c10665 _d10665 |
||